Una familia bajo la nieve /
Novela escrita desde los suburbios de Buenos Aires, desde los suburbios de Francia y desde los suburbios de la Historia. La hija de un matrimonio, exiliado durante la dictadura, vuelve de Francia a Argentina para trabajar como abogada de los juicios de lesa humanidad y trata de reconstruir el pasado...
Guardado en:
| Autor Principal: | |
|---|---|
| Formato: | Libro |
| Idioma: | Undetermined |
| Publicado: |
Buenos Aires :
Blatt & Ríos,
2023.
|
| Edición: | 2a ed. |
| Series: | Identidades bonaerenses
|
| Materias: | |
| Etiquetas: |
Agregar Etiqueta
Sin Etiquetas, Sea el primero en etiquetar este registro!
|
| LEADER | 01771nam a22002655a 4500 | ||
|---|---|---|---|
| 001 | CEM.cems024781 | ||
| 008 | 250710s2023####ag############000#0#und#d | ||
| 005 | 20250820075117.0 | ||
| 245 | 1 | 0 | |a Una familia bajo la nieve / |c Mónica Zwaig. |
| 250 | |a 2a ed. | ||
| 260 | |a Buenos Aires : |b Blatt & Ríos, |c 2023. | ||
| 300 | |a 180 p. | ||
| 490 | 1 | |a Identidades bonaerenses | |
| 500 | |a Edición especial de la Dirección de Cultura y Educación de la Provincia de Buenos Aires. | ||
| 500 | |a Sugerencia de edad: a partir de ciclo orientado. Requiere acompañamiento docente. | ||
| 520 | |a Novela escrita desde los suburbios de Buenos Aires, desde los suburbios de Francia y desde los suburbios de la Historia. La hija de un matrimonio, exiliado durante la dictadura, vuelve de Francia a Argentina para trabajar como abogada de los juicios de lesa humanidad y trata de reconstruir el pasado familiar que nunca le contaron bien. Fundamentalmente el de su madre, nacida en San Francisco Solano. Mónica Zwaig, hija de exiliados, parte de sus recuerdos para actualizar problemas referidos a la identidad, la memoria y las consecuencias de la última dictadura. Con una potencia narrativa que se despliega en este libro, pergeñado lejanamente en su francés natal pero escrito en un terso y elegante castellano, tan demoledor como dulce. | ||
| 020 | |a 9789878473710 | ||
| 100 | 1 | |a Zwaig, Mónica. | |
| 653 | |a Narrativa argentina | ||
| 653 | |a Literatura argentina | ||
| 653 | |a Identidades bonaerenses | ||
| 859 | |a CEMS |b BIB. CEMS |h A863.4 |i Z971 |p A3909.25 | ||
| 859 | |a CEMS |b BIB. CEMS - Ccias. Educacion |h A863.4 |i Z971 |k CE |p 30099.25 |t Ej.1 | ||
| 859 | |a CEMS |b BIB. CEMS - 11 de abril |h A863.4 |i Z971 |p 30097.25 |t Ej.1 | ||
| 859 | |a CEMS |b BIB. CEMS - 11 de abril |h A863.4 |i Z971 |p 30098.25 |t Ej.2 | ||
